000 00314nam a22001337a 4500
020 _a192149857
082 _a332.454 STR
100 _aStrange, Susan
245 _asterling and british policy
260 _aLondon
_bOxford university
_c1971
300 _axiv,363p.
_b21cm.
500 _aInclude index
942 _cBK
999 _c15051
_d15051